| 000 | 00435nam a2200169Ia 4500 | ||
|---|---|---|---|
| 008 | 210210b1996 xxu||||| |||| 00| 0 eng d | ||
| 020 | _a0 7069 9586 4 | ||
| 082 | _a382 MANI | ||
| 100 | _aMANNUR (H G). | ||
| 245 | _aInternational economics. Rev Ed 2. | ||
| 250 | _a | ||
| 260 |
_aNew Delhi. _bVikas Publishing House Pvt Ltd., _c1996 |
||
| 300 | _axv,461 | ||
| 650 | _aTrade | ||
| 690 | _aInternational Trade | ||
| 906 | _a051690 | ||
| 999 |
_c100089 _d100089 |
||